| 000 | 01399cam a2200361 a 4500 | ||
|---|---|---|---|
| 001 | EDZ0000064190 | ||
| 003 | StDuBDS | ||
| 005 | 20161031105149.0 | ||
| 006 | m||||||||d|||||||| | ||
| 007 | cr ||||||||||| | ||
| 008 | 120327s2002 enka fo| 001|0|eng d | ||
| 020 |
_a9781446219195 (ebook) : _cNo price |
||
| 040 |
_aStDuBDS _beng _cStDuBDS _epn |
||
| 049 | _aAlfaisal Main Library | ||
| 050 | 0 |
_aGF50 _b.F73 2002 |
|
| 082 | 0 | 4 |
_a304.2 _223 |
| 100 | 1 | _aFranklin, Adrian. | |
| 245 | 1 | 0 |
_aNature and social theory _h[electronic resource] / _cAdrian Franklin. |
| 260 |
_aLondon : _bSAGE, _cc2002. |
||
| 300 |
_a1 online resource (274 p.) : _bill., facsims. |
||
| 504 | _aIncludes bibliographical references and index. | ||
| 520 | 8 | _aAdrian Franklin considers the relationship between humans and nature, arguing that the firm boundaries between nature and culture have been breached. The author's critique cites man as a polluter and destroyer. | |
| 521 | _aSpecialized. | ||
| 588 | _aDescription based on print version record. | ||
| 650 | 0 | _aHuman ecology. | |
| 650 | 0 |
_aNature _xEffect of human beings on. |
|
| 650 | 0 | _aPhilosophy of nature. | |
| 655 | 7 |
_aElectronic books. _2local |
|
| 710 | 2 | _aSage eBooks | |
| 776 | 0 | 8 |
_iPrint version : _z9780761963783 |
| 856 | 4 | 0 | _uhttp://ezproxy.alfaisal.edu/login?url=http://sk.sagepub.com/books/nature-and-social-theory |
| 942 |
_2lcc _cEBOOKS |
||
| 999 |
_c480726 _d480726 |
||